<?xml version="1.0" encoding="UTF-8"?>
<collection xmlns:xsi="http://www.w3.org/2001/XMLSchema-instance" xsi:schemaLocation="http://www.loc.gov/MARC21/slim http://www.loc.gov/standards/marcxml/schema/MARC21slim.xsd" xmlns="http://www.loc.gov/MARC21/slim">
 <record>
  <leader>00000ctm a22000003a 4500</leader>
  <controlfield tag="001">UP-99796217612810361</controlfield>
  <controlfield tag="003">Buklod</controlfield>
  <controlfield tag="005">20180725162906.0</controlfield>
  <controlfield tag="006">a     r    |||| u|</controlfield>
  <controlfield tag="007">ta</controlfield>
  <controlfield tag="008">180725s2018    xx     d     r    |||| u|</controlfield>
  <datafield tag="035" ind1=" " ind2=" ">
   <subfield code="a">(iLib)UPD-00366413124</subfield>
  </datafield>
  <datafield tag="040" ind1=" " ind2=" ">
   <subfield code="a">DCHE</subfield>
   <subfield code="e">rda</subfield>
  </datafield>
  <datafield tag="041" ind1=" " ind2=" ">
   <subfield code="a">eng</subfield>
  </datafield>
  <datafield tag="090" ind1=" " ind2=" ">
   <subfield code="a">LG 993.5 2018  C56</subfield>
   <subfield code="b">A45</subfield>
  </datafield>
  <datafield tag="100" ind1="1" ind2=" ">
   <subfield code="a">Amoncio, Antonina A.</subfield>
   <subfield code="e">author.</subfield>
  </datafield>
  <datafield tag="245" ind1="1" ind2="0">
   <subfield code="a">Assessment of the family kit distributed by the Department of Social Welfare and Development to internally displaced families in Marawi, Lanao del Sur</subfield>
   <subfield code="c">Antonina A. Amoncio ; Candy Mae M. Maristela, adviser.</subfield>
  </datafield>
  <datafield tag="264" ind1=" " ind2="1">
   <subfield code="a">Quezon City</subfield>
   <subfield code="b">College of Home Economics, University of the Philippines Diliman</subfield>
   <subfield code="c">2018.</subfield>
  </datafield>
  <datafield tag="300" ind1=" " ind2=" ">
   <subfield code="a">xii, 157 leaves</subfield>
   <subfield code="c">28 cm +</subfield>
   <subfield code="e">1 CD-ROM (4 3/4 in)</subfield>
  </datafield>
  <datafield tag="336" ind1=" " ind2=" ">
   <subfield code="a">text</subfield>
   <subfield code="2">rdacontent.</subfield>
  </datafield>
  <datafield tag="337" ind1=" " ind2=" ">
   <subfield code="a">unmediated</subfield>
   <subfield code="2">rdamedia.</subfield>
  </datafield>
  <datafield tag="338" ind1=" " ind2=" ">
   <subfield code="a">volume</subfield>
   <subfield code="2">rdacarrier.</subfield>
  </datafield>
  <datafield tag="500" ind1=" " ind2=" ">
   <subfield code="a">submitted June 2018</subfield>
  </datafield>
  <datafield tag="502" ind1=" " ind2=" ">
   <subfield code="a">Thesis (B.S. Clothing Technology)--University of the Philippines Diliman</subfield>
   <subfield code="d">June 2018.</subfield>
  </datafield>
  <datafield tag="506" ind1=" " ind2=" ">
   <subfield code="a">AVAILABLE TO THE PUBLIC</subfield>
  </datafield>
  <datafield tag="520" ind1=" " ind2=" ">
   <subfield code="a">In 2017, the Department of Social Welfare and Development (DSWD) provided Family Kits, which was comprised of bath towels, shirts, shorts, slippers, and undergarments to internally displaced persons in Marawi, Lanao del Sur after being put under the control of radical Islamist group Maute (Government of the Philippines, 2017). The study assessed the Family Kits developed by DSWD in terms of addressing the clothing-related needs and providing contents to selected Internally Displaced Filipino Families (IDFFs) in Marawi, Lanao del Sur. The study made use of a descriptive method, and data collected were both qualitative and quantitative  from the perspective of selected IDFFs, representatives from the Disaster Response Assistance and Management Bureau (DREAMB), and social worker assigned in the Field Office XII - Marawi, Lanao del Sur. Data was obtained through personal interviews, on-site observation of an Alternative Dwelling Space (ADS) and Family Kit, and survey with the IDFFs. A sample of 30 evacuees was chosen using purposive sampling for the survey. As a result, recommendations in the context of the distribution of Family kits based on the six (6) attributes, quantity, fit, cultural appropriation, durability, effectiveness, and quantity were obtained through survey with the IDFFs and personal interview with the social worker. Families residing in the ADS were limited to facilities and amenities that would cater to their physiological, cultural, and clothing-related needs. Furthermore, the items found in the Family Kit were unable to fully address the clothing-related needs and provide culturally-appropriate contents to the IDFFs. It is highly recommended for DSWD to conduct research through needs pre-assessements to develop different types of kits appropriate for various natural and manmade disasters with careful consideration on the demographics, locations, physiological needs, and compliances of cultural appropriation.</subfield>
  </datafield>
  <datafield tag="650" ind1=" " ind2="0">
   <subfield code="a">Internally displaced persons</subfield>
   <subfield code="z">Philippines</subfield>
   <subfield code="z">Marawi (Lanao del Sur)</subfield>
   <subfield code="x">Clothing.</subfield>
  </datafield>
  <datafield tag="650" ind1=" " ind2="0">
   <subfield code="a">Internally displaced persons</subfield>
   <subfield code="z">Philippines</subfield>
   <subfield code="z">Marawi (Lanao del Sur).</subfield>
  </datafield>
  <datafield tag="650" ind1=" " ind2="0">
   <subfield code="a">Disaster relief</subfield>
   <subfield code="z">Philippines</subfield>
   <subfield code="z">Marawi (Lanao del Sur).</subfield>
  </datafield>
  <datafield tag="650" ind1=" " ind2="0">
   <subfield code="a">Disaster relief</subfield>
   <subfield code="z">Philippines</subfield>
   <subfield code="z">Marawi (Lanao del Sur).</subfield>
  </datafield>
  <datafield tag="691" ind1="0" ind2="0">
   <subfield code="a">Philippines. Department of Social Welfare and Development.</subfield>
  </datafield>
  <datafield tag="700" ind1="1" ind2=" ">
   <subfield code="a">Maristela, Candy Mae M.</subfield>
   <subfield code="e">adviser.</subfield>
  </datafield>
  <datafield tag="905" ind1=" " ind2=" ">
   <subfield code="a">FI</subfield>
  </datafield>
  <datafield tag="905" ind1=" " ind2=" ">
   <subfield code="a">UP</subfield>
  </datafield>
  <datafield tag="852" ind1="0" ind2=" ">
   <subfield code="a">UPD</subfield>
   <subfield code="b">DCHE</subfield>
   <subfield code="h">LG 993.5 2018  C56 A45</subfield>
  </datafield>
  <datafield tag="942" ind1=" " ind2=" ">
   <subfield code="a">Thesis</subfield>
  </datafield>
 </record>
</collection>
